000 01483cam a22003374a 4500
001 13024549
003 ARRUPE
005 20220407093623.0
008 021209s2003 ilu b 001 0 eng
010 _a 2002155305
020 _a0226300625 (alk. paper)
020 _a0226300633 (pbk. : alk. paper)
040 _aDLC
_cDLC
_dDLC
042 _apcc
050 0 0 _aQ175
_b.G596 2003
082 0 0 _a501
_221
100 1 _aGodfrey-Smith, Peter.
_951271
245 1 0 _aTheory and reality :
_ban introduction to the philosophy of science /
_cPeter Godfrey-Smith.
260 _aChicago :
_bUniversity of Chicago Press,
_c2003.
300 _axiii, 272 p. ;
_c24 cm.
440 0 _aScience and its conceptual foundations
_99999
504 _aIncludes bibliographical references (p. 243-254) and index.
650 0 _aScience
_xPhilosophy.
856 4 2 _3Publisher description
_uhttp://www.loc.gov/catdir/description/uchi052/2002155305.html
856 4 2 _3Contributor biographical information
_uhttp://www.loc.gov/catdir/bios/uchi051/2002155305.html
856 4 1 _3Table of contents
_uhttp://www.loc.gov/catdir/toc/fy038/2002155305.html
856 4 2 _3Book review (E-STREAMS)
_uhttp://www.e-streams.com/es0702/es0702_3051.html
906 _a7
_bcbc
_corignew
_d1
_eecip
_f20
_gy-gencatlg
942 _2lcc
_cMONOGRAPH
999 _c131277
_d131277